Những điểm mới của luật thương mại năm 2005

Bewaard in:
Bibliografische gegevens
Formaat: Boek
Taal:Undetermined
Gepubliceerd in: Hà Nội Tư Pháp 2005
Onderwerpen:
Tags: Voeg label toe
Geen labels, Wees de eerste die dit record labelt!
Thư viện lưu trữ: Trung tâm Học liệu Trường Đại học Cần Thơ
LEADER 00530nam a2200181Ia 4500
001 CTU_105115
008 210402s9999 xx 000 0 und d
020 |c 40000 
082 |a 346.59707 
082 |b Nh556 
245 0 |a Những điểm mới của luật thương mại năm 2005 
245 0 |c Đinh Thị Mai Phương,...[et al.] 
260 |a Hà Nội 
260 |b Tư Pháp 
260 |c 2005 
650 |a Commercial laws 
904 |i M.Loan 
980 |a Trung tâm Học liệu Trường Đại học Cần Thơ